000 00677nam a2200229 a 4500
999 _c1602
_d1602
001 1602
003 BD-JhCC
005 20171024114315.0
008 171022s2005 bg |||| ||a| 000 0 ben d
020 _a9848683305
035 _a(BD-JhCC)1602
040 _aBD-JhCC
_dBD-JhCC
041 _aben
082 _a891.4409
_bMAM 2005
100 _aমামুন, মুনতাসীর
245 _aনির্বাচিত প্রবন্ধ /
_cমুনতাসীর মামুন
260 _aঢাকা :
_bঅন্যপ্রকাশ,
_c2005.
300 _a352 p. :
_c22 cm.
650 _aSelective Bengali Eassys
942 _2ddc
_cBK